Elegía aullada / (Record no. 41674)

MARC details
000 -LEADER
campo de control de longitud fija 00589nam a2200205 i 4500
001 - NÚMERO DE CONTROL
campo de control 41674
003 - IDENTIFICADOR DE NÚMERO DE CONTROL
campo de control ES-MaACL
005 - FECHA Y HORA DE LA ÚLTIMA TRANSACCIÓN
campo de control 20240601063022.0
007 - CAMPO FIJO DE DESCRIPCIÓN FÍSICA--INFORMACIÓN GENERAL
campo de control de longitud fija t|
008 - DATOS DE LONGITUD FIJA--INFORMACIÓN GENERAL
campo de control de longitud fija 030311s1964 sp ||||1| spa d
100 0# - ENTRADA PRINCIPAL--NOMBRE DE PERSONA
Nombre de persona Casanova de Ayala, Félix,
Fechas asociadas al nombre 1915-
9 (RLIN) 36109
245 10 - MENCIÓN DEL TÍTULO
Título Elegía aullada /
Mención de responsabilidad, etc. Félix Casanova de Ayala.
260 ## - PUBLICACIÓN, DISTRIBUCIÓN, ETC.
Lugar de publicación, distribución, etc. Palencia :
Nombre del editor, distribuidor, etc. [s.n.],
Fecha de publicación, distribución, etc. 1964.
300 ## - DESCRIPCIÓN FÍSICA
Extensión 25 p. ;
Dimensiones 22 cm.
490 1# - MENCIÓN DE SERIE
Mención de serie Colección Rocamador ;
Designación de volumen o secuencia 38
830 00 - PUNTO DE ACCESO ADICIONAL DE SERIE-TÍTULO UNIFORME
Título uniforme Rocamador (Serie) ;
Designación de volumen o secuencia 38
9 (RLIN) 236737
852 ## - LOCALIZACIÓN
Ubicación ES-MaACL
Número de control de estantería 2089-F-20
Sublocalización o colección R.89037
942 ## - ELEMENTOS DE ENTRADA SECUNDARIOS (KOHA)
Fuente del sistema de clasificación o colocación Clasificación decimal universal
Holdings
Estatus retirado Estado de pérdida Estado de daño No para préstamo Colección Biblioteca de origen Biblioteca actual Ubicación en estantería Fecha de adquisición Fuente de adquisición Total de préstamos Signatura topográfica completa Código de barras Visto por última vez Precio de reemplazo Tipo de ítem Koha
        Colección de folletos Biblioteca del Ateneo de Madrid Biblioteca del Ateneo de Madrid Depósito folletos 17/01/2008     2089-F-20 1043871 23/02/2023 23/02/2023 Folleto